| 000 | 01379nam a22002897a 4500 | ||
|---|---|---|---|
| 005 | 20160201121507.0 | ||
| 008 | 070823s2004 ck a gr 00010 spa d | ||
| 020 | _a9583366501 | ||
| 040 |
_aCO-BoIAVH _cCO-BoIAVH |
||
| 041 | _aspa | ||
| 044 | _ack | ||
| 090 |
_aRE- _b00058 |
||
| 110 | 1 |
_aColombia. _bMinisterio de Ambiente, Vivienda y Desarrollo Territorial. |
|
| 245 | 1 | 0 |
_aReservas forestales protectoras nacionales : _batlas básico / _cMinisterio de Ambiente, Vivienda y Desarrollo Territorial ; textos Victor Hugo Vásquez V. ; fotografías Alejandro Ayala ... [et al.]. |
| 250 |
_a2a. ed. _bEditor Víctor Hugo Vásquez V. |
||
| 260 | 3 |
_aBogotá : _bMinisterio de Ambiente, Vivienda y Desarrollo Territorial, _bInstituto Geográfico Agustín Codazzi, _bEmbajada Real de los Países Bajos. _c2004. |
|
| 300 |
_a127 p. : _bil., mapas ; _c42 cm. |
||
| 504 | _aIncluye referencias bibliográficas. | ||
| 650 | 6 |
_aConservación de la naturaleza _z Colombia _v Atlas. |
|
| 650 |
_aConservación de los recursos naturales _z Colombia _v Atlas. |
||
| 650 | 6 |
_aRecursos naturales _z Colombia _v Atlas. |
|
| 650 | 6 |
_aParques naturales _z Colombia _v Atlas. |
|
| 650 | 6 |
_aReservas forestales _z Colombia _v Atlas. |
|
| 700 | 1 |
_aAyala, Alejandro, _efot. |
|
| 700 | 1 | _aVelásquez V., Víctor Hugo. | |
| 942 |
_2ddc _cLIBRO |
||
| 999 |
_c8561 _d8561 |
||